000 00978nji a22002537a 4500
005 20100831102949.0
006 a|||||r|||||00| 0
007 sd ammalaaahaa
008 100830t xxu||||| |||| 00| 0 eng d
028 _aN 51558
_bHis Master's Voice
035 _aGR-00289
040 _aSED
_cSED
100 _917455
_aDay, Manna
245 _aJhanak Jhanak payal baje /
_cby Manna Day ; music by Vasant Desai
_h[sound recording] :
246 _aझनक झनक पायल बजे / मन्ना डे द्वारा
260 _aDum Dum, India
_bHis Master's Voice
_cn.d.
300 _a1 sound disc [Gramophone Recording]:
_banalog, 33 1/3 rpm
_c9.5 in. (MP)
_fGramophone Record
500 _aBrief Record
650 _aClassical music
_zIndia
_91186
_xExcerpts
700 _917416
_aDesai, Vasant
700 _917456
942 _2ddc
_cGR
999 _c43380
_d43380